LEADER 00895nam a2200217 i 4500 001 000000211155 003 CaOOAMICUS 005 20120222000000.0 008 120222s1851 xx u000 u mul u 013 $a189968 040 $aSeMil$bita 100 0 $aDemosthenes,$d<384-322 a.C.>.$0(OLS)http://semarc/name/593 245 10$aOrationes 20.-23. 300 $a208 p. 490 0 $aBibliotheca scriptorum graecorum et romanorum Teubneriana 773 0 $tDemosthenis Orationes.$bEditio secunda correctior.$dLipsiae : sumtibus ex typis B. G. Teubneri, 1850-1851.$gVol.2$w()26327 830 0$aBibliotheca scriptorum graecorum et romanorum Teubneriana.$0(OLS)http://semarc/title/35285 850 $aSeMil 852 $aSeMil$W1$xVenegono$y1$m1X II 134/1 FA$j161598$B161598$CSeMilBibl$Z2$F172881 $8I 961 $aOmaggio: Stoppani Pietro 996 $6245$aOrationes 20.-23$9(OLS)http://semarc/title/305074 LEADER 00955nam a2200217 i 4500 001 000000208190 003 CaOOAMICUS 005 20111115000000.0 008 111115s1822 it u000 u ita u 013 $a186973 026 $arot- looo radi l'ri (7) 1822 (R) 040 $aSeMil$bita 100 1 $aSalvini, Antonio Maria,$d<1653-1729>.$0(OLS)http://semarc/name/2855 245 10$aTomo 10. 300 $a203, [1] p. 490 0 $aCollezione di opere classiche sacre e profane 773 0 $aSalvini, Antonio Maria <1653-1729>$tDei discorsi accademici di Anton Maria Salvini. Tomo 1. [-11.].$dBologna : presso Annesio Nobili, 1821-1822.$kCollezione di opere classiche sacre e profane$g10$w()25757 830 0$aCollezione di opere classiche sacre e profane.$0(OLS)http://semarc/title/34698 850 $aSeMil 852 $aSeMil$W1$xVenegono$y1$m1S III 43 FA$j158648$B158648$CSeMilBibl$Z2$F169824 $8I 996 $6245$aTomo 10$9(OLS)http://semarc/title/194414